[Event "TUR-chT U18"]
[White "Cetinavci, Duru"]
[Black "Kilic, Melis"]
[Site "Karaman"]
[Round "5"]
[Result "1-0"]
[Date "2024.04.23"]
[WhiteElo "1449"]
[BlackElo "1455"]
[PlyCount "65"]
[EventDate "2024.04.21"]
[EventType "team-tourn"]
[EventRounds "9"]
[EventCountry "TUR"]
[SourceTitle "EXT 2025"]
[Source "ChessBase"]
[SourceDate "2024.10.14"]
[SourceVersion "1"]
[SourceVersionDate "2024.10.14"]
[SourceQuality "1"]

1. e4 c5 2. Nf3 e6 3. d4 cxd4 4. Nxd4 Nf6 5. Bd3 Nc6 6. Nxc6 bxc6 7. 0-0 d5 8. Nd2 Bd6 9. f4 dxe4 10. Nxe4 Be7 11. Qf3 0-0 12. Be3 Nd5 13. Bf2 Nb4 14. Rfd1 Qc7 15. Be2 Nxc2 16. Rac1 Nb4 17. a3 Nd5 18. g3 Bd7 19. Bd4 f6 20. Bd3 e5 21. Bc5 Bxc5+ 22. Nxc5 exf4 23. gxf4 Qb6 24. Kh1 Rad8 25. Nxd7 Rxd7 26. Qh3 g6 27. Qxd7 Nxf4 28. Qxc6 Qxb2 29. Qc4+ Rf7 30. Qxf4 Kg7 31. Bc4 Re7 32. Re1 Rxe1+ 33. Rxe1 1-0

[Event "TUR-chT U18"]
[White "Donmez, Elif"]
[Black "Cetinavci, Duru"]
[Site "Karaman"]
[Round "4"]
[Result "1/2-1/2"]
[Date "2024.04.22"]
[WhiteElo "1506"]
[BlackElo "1449"]
[PlyCount "72"]
[EventDate "2024.04.21"]
[EventType "team-tourn"]
[EventRounds "9"]
[EventCountry "TUR"]
[SourceTitle "EXT 2025"]
[Source "ChessBase"]
[SourceDate "2024.10.14"]
[SourceVersion "1"]
[SourceVersionDate "2024.10.14"]
[SourceQuality "1"]

1. e4 c5 2. Nf3 e6 3. d4 cxd4 4. Nxd4 a6 5. Nc3 Qc7 6. Be2 Nf6 7. f3 Bc5 8. Be3 d6 9. Qd2 Bb4 10. Nb3 d5 11. Bg5 Nbd7 12. Qd4 Bxc3+ 13. bxc3 dxe4 14. fxe4 0-0 15. g4 b5 16. h4 Nxe4 17. c4 Qg3+ 18. Kf1 Bb7 19. Rg1 e5 20. Qe3 Qxe3 21. Bxe3 bxc4 22. Bxc4 Rac8 23. Bd3 Nd6 24. Rd1 Nf6 25. Bxh7+ Kxh7 26. Rxd6 Rxc2 27. Rd2 Rxd2 28. Nxd2 Ne4 29. Nxe4 Bxe4 30. Ke2 Rc8 31. Rc1 Rxc1 32. Bxc1 Kg6 33. Bb2 Kf6 34. Ke3 Bd5 35. a3 Ke6 36. Bc3 Bc6 1/2-1/2